000 00368nam a22001577a 4500
005 20180615104654.0
008 160512b xxu||||| |||| 00| 0 eng d
041 _aeng
082 _b1734
_a657.42
100 _aRavi M, Kishor
_94368
245 _aCost Accounting
260 _aNew Delhi
_bTaxmament,
300 _a18.19 para
650 _aManagement
_9241
942 _cBK
999 _c669
_d669